header

Veto power (Record no. 113182)

MARC details
000 -LEADER
fixed length control field 01255nam a2200313Ia 4500
082 04 - DEWEY DECIMAL CLASSIFICATION NUMBER
Classification number 341.2422
100 1# - MAIN ENTRY--AUTHOR NAME
Personal name Slapin, Jonathan B.
245 10 - TITLE STATEMENT
Title Veto power
260 ## - PUBLICATION, DISTRIBUTION, ETC. (IMPRINT)
Place of publication Ann Arbor, MI :
Name of publisher University of Michigan Press ;
Place of publication London :
Name of publisher Eurospan [distributor],
Year of publication 2011.
300 ## - PHYSICAL DESCRIPTION
Number of Pages xii, 184 p. :
Other physical details ill.
650 #0 - SUBJECT ADDED ENTRY--TOPICAL TERM
Topical Term Legislative veto
856 40 - ELECTRONIC LOCATION AND ACCESS
Uniform Resource Identifier http://site.ebrary.com/lib/rucke/Doc?id=10505874

No items available.

© 2026 Rongo University
Contact us: librarian | system librarian | Rongo university